Matemáticas animadas: relatos de matemáticas y juegos de ingenio

Saved in:
Bibliografiske detaljer
Hovedforfatter: Perleman, Y (Author)
Format: Bog
Sprog:spansk
Udgivet: Madrid Estrella 1938
Fag:
Tags: Tilføj Tag
Ingen Tags, Vær først til at tagge denne postø!

MARC

LEADER 00000nam a2200000 a 4500
001 UCQ9987
003 CL-VaPUC
008 990128e19380000SP |||||||||||||||||spa|d
082 0 4 |a 793.74  |b PER  |2 21 
100 |a Perleman, Y  |e author  |9 424715 
245 1 0 |a Matemáticas animadas: relatos de matemáticas y juegos de ingenio 
300 |a 240 p 
942 |c BK 
945 |d 19990128 00:00:00  |a crobeson 
260 |a Madrid  |b Estrella  |c 1938 
650 7 |a MATEMATICAS RECREATIVAS  |2 CL-VaPUC  |9 269273 
583 |a last modification  |c 19990128 00:00:00  |k Rodrigo Vera 
999 |c 278875  |d 278873 
952 |0 0  |1 0  |4 0  |6 793_740000000000000_PER_1938  |7 0  |8 X  |9 317677  |a BIBMAT  |b BIBMAT  |d 2019-11-20  |i 1320025  |o 793.74 PER 1938  |p 1320025  |r 2025-01-07  |w 2019-11-20  |y BK_X  |k MAT